| 000 | 00472cam a2200181ua 4500 | ||
|---|---|---|---|
| 001 | 4030 | ||
| 008 | 111213n ii |||gr||||Z||||||asm | ||
| 040 | _cMAIN | ||
| 082 | _a891.4511 | ||
| 100 | 1 | _aBorkataky, Biren, | |
| 245 | 1 | 1 |
_aIngraj ramanyasik kabir kabya pratibha _cby Biren Borkataki |
| 250 | _a2nd. | ||
| 260 |
_aDibrugarh: _bBanalata,986. |
||
| 300 |
_a192p: _c23cm. |
||
| 653 | _aAssamese poem | ||
| 653 | _aIngraj ramanyasik kabir kabya pratibha | ||
| 942 | _cBK | ||
| 999 |
_c3852 _d3852 |
||